[Event "RUS-CHN Summit Men 2nd"]
[Site "Moscow"]
[Date "2004.08.14"]
[Round "4"]
[White "Dreev, Alexey"]
[Black "Zhang, Zhong"]
[Result "1-0"]
[WhiteElo "2690"]
[BlackElo "2603"]
[Annotator "Golod,V"]
[PlyCount "111"]
[EventDate "2004.08.10"]
[EventType "schev"]
[EventRounds "6"]
[EventCountry "RUS"]
[SourceTitle "CBM 103"]
[Source "ChessBase"]
[SourceDate "2004.11.11"]
[SourceVersion "1"]
[SourceVersionDate "2004.11.11"]
[SourceQuality "1"]
[WhiteTeam "Russia"]
[BlackTeam "China"]
[WhiteTeamCountry "RUS"]
[BlackTeamCountry "CHN"]

1. d4 Nf6 2. c4 e6 3. Nc3 Bb4 4. Qc2 d5 5. cxd5 exd5 6. Bg5 h6 7. Bh4 c5 8.
dxc5 g5 $6 {In my opinion it is too risky move.The statistics shows,that White
has good percents of winning there.} (8... Nc6 $5 {It's main line}) 9. Bg3 Ne4
10. e3 Qa5 11. Nge2 (11. Be5 $143 {See comments to Kasparov,G-Short,N/London,
1993/CBM 36(1/2-1/2)(Ftacnik,L)(18)}) 11... Bf5 ({Nowadays,less popular is:} 
11... Nc6) 12. Bxb8 $5 $146 {Interesting novelty of Alexey Dreev.} ({In the
previous games White preferred:} 12. Be5 $5 {You can see annotations to Atalik,
S-Short,N/Sarajevo,2004/CBM 101 (1/2-1/2)(Atalik,S/Golod,V)(27)}) ({On:} 12.
Qc1 $6 {you can find three games in Mega DataBase 2004.}) 12... Rxb8 $8 ({
Leading to very difficult endgame:} 12... Nxc3 $2 13. Qxf5 Na4+ (13... Nxa2+
$143 14. Kd1 Qa4+ (14... Nc3+ 15. Nxc3 Qxa1+ 16. Kc2 $18 {[%csl Ra1,Re8,Rh8]
[%cal Gf1b5,Gf5e5]} O-O 17. Bd3) 15. Qc2 Nc3+ 16. Nxc3 Qxa1+ 17. Kd2 {/\Bb5+}
O-O 18. Bd6 Rfe8 19. Qh7+ $1 {Nice tactical way to exchange queens and to
reunite the all pieces.} ({Of course there is nothing bad in simply:} 19. h4 $5
{with a strong attack.}) 19... Kxh7 20. Bd3+ Kg7 21. Rxa1 $18) (13... Ne4+ $2
14. Kd1 Rxb8 15. Qe5+ Kd7 16. Qxd5+) 14. Kd1 Nxb2+ (14... Rxb8 $2 15. Qe5+ Kd7
16. a3 Bxc5 17. b4 $18) 15. Kc1 (15. Kc2 Qxc5+ {leads to same position.}) 15...
Qxc5+ 16. Kxb2 Ba3+ (16... Rxb8 $2 17. Qe5+ Kd7 18. Rd1 $18) 17. Kb3 Qb4+ 18.
Kc2 Qb2+ 19. Kd3 Qb5+ (19... Qxa1 $2 20. Qe5+ Qxe5 21. Bxe5 $18) 20. Kd2 Qb2+
21. Qc2 Bb4+ 22. Kd3 Qxa1 23. Qc8+ $1 Ke7 24. Qxb7+ Kf6 25. Qxb4 Rhxb8 (25...
Qd1+ $2 26. Qd2 Qb1+ 27. Qc2 Qxc2+ 28. Kxc2 $18) 26. Qd4+ Qxd4+ 27. Nxd4 Rb2 (
27... Rb1 $143 28. g3 {/\Bg2}) 28. Be2 Rxa2 29. Rc1 $16) ({Too risky is:} 12...
O-O $6 {/\Nxc3} 13. Be5 $1 {The elementary way to get an advantage.} ({also
possible,but less productive way is:} 13. Nd4 Bg6 14. Bd3 Raxb8 15. O-O $14)
13... Rfe8 14. Bd4 Ng3 15. Qd1 Nxh1 16. a3 $16 {[%csl Rb4,Rh1]}) 13. Nd4 Bg6 ({
Of course not:} 13... Nxc3 $2 14. Qxf5 Ne4+ 15. Kd1 O-O 16. Bd3 {/\h4(עg8) +/-
}) 14. Bb5+ $1 {The key idea behind white's 12-th move.} Kf8 $6 ({Essential
was:} 14... Ke7 $1 15. O-O $5 ({After:} 15. Bd3 $143 {Black has a more
opportunities:} Bxc3+ $5 ({or:} 15... Nxc3 16. O-O {with rearrangement of
moves we receive a position,as in previous variant: 15.0-0}) 16. bxc3 Qxc3+ 17.
Qxc3 Nxc3 {Now Black has no problems in the endgame.For example:} 18. Bxg6 (18.
Kd2 Bxd3 19. Kxc3 Bc4 {קc5 ~~}) 18... fxg6 19. Rc1 (19. O-O $2 Rhc8 $15) 19...
Nxa2 20. Ra1 Nc3 21. Rxa7 Kf6 $11 {/\Rhc8}) 15... Nxc3 $140 16. Bd3 Bxd3 (16...
Ne4 $143 17. a3 Qxc5 18. axb4 Qxc2 19. Bxc2 $14) 17. Qxd3 Ne4 (17... Na4 $2 18.
a3 {/\b4}) 18. a3 Bd2 19. b4 (19. Nf5+ Ke6 20. Nd4+ Ke7 $11) 19... Qa6 $1 20.
b5 Qa4 $1 {[%csl Rc4][%cal Ga4c4]} 21. Nf5+ Ke6 ({Subject to another survey is:
} 21... Kf6 $5) 22. Nd4+ $11) 15. Bd3 $1 ({Leads to benefit of the contender:} 
15. O-O $2 Bxc3 16. bxc3 Ng3 17. Qb3 Nxf1 18. Rxf1 $44) 15... Qxc5 {It's best
move!} ({The key idea behind Dreev's novelety,is that after trivial:} 15...
Nxc3 $143 {White has a shocking reaction:} 16. O-O $3 {At that moment White
without piece,but after this quiet and logical move,Black has no acceptable
move:} Ne4 (16... Bxd3 17. Qxd3 Ne4 (17... Qa6 18. Qf5 Ne4 $140 $2 19. Qe5 {
[%csl Rb8,Ge5,Rh8][%cal Ge5h8,Ge5b8]}) 18. Nb3 $1 Qa4 (18... Qc7 $140 $2 19.
Qd4 $1 $18 {[%csl Rb4,Rh8][%cal Gd4h8,Gd4b4]}) 19. Qd4 Kg8 20. f3 Nxc5 21. Nxc5
Qb5 22. Rac1 $16) 17. a3 Qxc5 ({Even worse is:} 17... Bxc5 $6 18. b4 Bxb4 19.
axb4 Qxb4 20. Rfb1 Qd6 21. f3 Nf6 $8 (21... Nc5 $2 22. Bxg6 fxg6 23. Qxc5 Qxc5
24. Ne6+) 22. Bxg6 fxg6 23. Qxg6 $18) 18. axb4 Qxc2 19. Bxc2 a6 20. Ra5 {
+/=/+/-}) (15... Bxc3+ $143 16. bxc3 Qxc3+ 17. Qxc3 Nxc3 18. Bxg6 fxg6 19. O-O
{+/=/+/- In comparison with possible similar endgame after 14...Ke7,it is
clear that Black is worse.Now useless is:} Rc8 20. Rfc1 Ne4 21. f3 {><e6 and
so on.}) 16. O-O $14 Re8 $6 {The next unaccurate move.From my point of view,
the right place for the rook is on "c8" and not on the <->e.} (16... Kg7 $142
17. Rfc1 $140 Rbc8 $14) 17. Nb3 Qc6 (17... Qc7 $2 18. Nxd5 $16) 18. Nd4 Qc5 19.
Rfc1 $1 {+/=/+/-} Kg7 20. Qa4 ({In my mind better was more agressive
continuation:} 20. Qb3 $1 {/\Nxd5} Nd2 (20... Qa5 $2 21. Nxd5 Bd2 22. Rc7 $1
Be1 (22... Nc5 23. Rxc5 $1 Qxc5 $140 24. Bxg6 fxg6 (24... Kxg6 25. Qd3+ Kg7 26.
Nf5+) 25. Qxb7+ Kf8 26. Qd7 {/\Ne6+-}) 23. Qxb7 Qd2 (23... Bxf2+ 24. Kh1 $18)
24. Nf5+ $1 Kg8 (24... Kf8 25. Re7 $1 Qxf2+ 26. Kh1 $18) 25. Nde7+ Kh7 26. Qxe4
$18) (20... Bxc3 $5 21. Bxe4 dxe4 22. Rxc3 {+/=/+/-}) 21. Qd1 Bxd3 22. Qxd2 Be4
23. a3 Bxc3 24. Rxc3 Qe7 25. Rac1 {+/=/+/-}) 20... Qa5 $6 {Black decides to
give up Pd5.} (20... Nxc3 $142 21. bxc3 Bxd3 (21... Qa5 $143 22. Qb3 $1 Bd6 23.
Bxg6 Kxg6 24. Qxb7 $16) (21... Ba3 $5 22. Rd1 Bxd3 23. Rxd3 Qc4 24. Qc2 {
+/=/+/-}) 22. cxb4 Qb6 23. Rc5 Bc4 {+/=/+/-}) 21. Qxa5 Bxa5 22. Nxd5 {/\Nb3
(ץa5,><c5)} Re5 23. Bxe4 (23. Nc7 $143 Rd8) 23... Bxe4 24. Nc3 {The next part
of the game-is a classical example how to play with NN agaginst BB.} Bg6 25.
Ncb5 {קa7,/\Nd6} Bb6 26. a4 $1 a6 27. a5 Bc5 28. Nf3 Rf5 ({Hardly it was
better:} 28... Bxe3 $6 29. Nxe5 Bxc1 30. Rxc1 axb5 31. Rc5 $1 (31. Nxg6 $2 Kxg6
32. Kf1 Rd8 {and Black still has good chances to survive}) (31. Rc7 $2 Rd8 (
31... Re8 $143 32. f4) 32. f4 gxf4 $1 (32... Rd2 $2 33. f5 $1 Bh5 34. g4 {
Nice trap to the bishop!} Re2 (34... Rd5 35. f6+ Kxf6 36. Nd7+ Ke6 37. Nf8+ Kf6
38. gxh5 $18) 35. f6+ Kg8 (35... Kxf6 36. Nd7+) 36. Re7 $18) 33. Rxb7 $140 Rd1+
34. Kf2 Rd2+ 35. Kf3 Rxb2 36. a6 Rb4 $1 {and black bishop gets on the /^a8-h1
+/=/=}) 31... Rd8 32. h3 {[%csl Yg1][%cal Yg1h2]} Be4 (32... b4 33. Nxg6 Kxg6
34. Rb5 $16 {[%csl Rb4,Gb5,Rb7]}) 33. Rxb5 Rd1+ 34. Kh2 f6 35. Nc4 $16) 29.
Nbd4 Rd5 30. Nb3 Ba7 $6 {The rather doubtful decision,but is very difficult to
give good advice,probably it was better to keep the bishop on /^b8-h2: 30...Bd6
} 31. Nfd4 Rhd8 32. Rc7 R8d7 33. Rc8 Rd8 34. Rc4 $1 {Exchanging rooks is
black's favour,he will have more space to maneuver.} R8d7 35. Rac1 Re7 36. Nc5
{/\b4} Bb8 (36... f5 37. g3 $16) 37. b4 $16 g4 $6 {Black is trying to create
initiative on the king side,however he is only creates weaknesses to himself.}
38. Rd1 Rh5 39. g3 Rd5 40. Rcc1 Ba7 41. Ndb3 {Now the exchange of rooks serves
white's interest - he is taking control over <->d.} Rxd1+ 42. Rxd1 Bb8 43. Nd4
Be5 44. Ne2 {[%csl Rb7,Ye7][%cal Gd5e7,Ye2f4,Yf4d5] Now Black can feel the
consequences of his 37-th move.} f6 45. Nf4 Bf7 46. Nd5 Re8 $2 {With loss of
Pb7 Black actually loses the whole game.} ({More consistent was:} 46... Bxd5
47. Rxd5 Bc3 48. Nd3 {/\Kg2,h3 +/-}) 47. Nxb7 $18 f5 48. Nb6 Re7 (48... Bc3 49.
b5 $1 axb5 50. a6) 49. Nc5 {קa6} Ra7 50. Rd3 Be8 $8 (50... Kg6 51. Rd7 Rxd7
52. Nbxd7) 51. Nc4 Bf6 52. Nd6 {The rest is easy without comments.} Bg6 53. Nc8
Ra8 54. Rd7+ Kh8 55. Nb6 Re8 56. Nxa6 {Please pay your attention to the
fantastic work of the white knights.} 1-0

[Event "Olympiad-36"]
[Site "Mallorca"]
[Date "2004.10.16"]
[Round "2"]
[White "Kozul, Zdenko"]
[Black "Adams, Michael"]
[Result "0-1"]
[WhiteElo "2640"]
[BlackElo "2740"]
[Annotator "Golod,V"]
[PlyCount "78"]
[EventDate "2004.10.15"]
[EventType "team-swiss"]
[EventRounds "14"]
[EventCountry "ESP"]
[SourceTitle "CBM 104"]
[Source "ChessBase"]
[SourceDate "2005.01.27"]
[SourceVersion "1"]
[SourceVersionDate "2005.01.27"]
[SourceQuality "1"]
[WhiteTeam "Croatia"]
[BlackTeam "England"]
[WhiteTeamCountry "CRO"]
[BlackTeamCountry "ENG"]

1. d4 Nf6 2. c4 e6 3. Nc3 Bb4 4. Qc2 d5 5. cxd5 exd5 6. Bg5 c5 7. e3 {White
have selected the most irresolute continuation.In such a way,Zdenko Kozul
hardly can hope on advantage in the opening.Besides,you can see annotations to
three another alternatives:} (7. Nf3 {Zhu Chen-Short,N/Dubai,2002/CBM 89(0-1)
(Golod,V)(25)}) (7. a3 $5 {Rare idea! Van Wely,L-Topalov,V/Wijk aan Zee,2004/
CBM 99(1/2-1/2)(Golod,V)(26)}) ({Is more essentially:} 7. dxc5 $5 {Sokolov,
I-Short,N/Hoogeveen,2004/CBM 104(1-0)(Golod,V)(38)}) 7... cxd4 ({After:} 7...
Nc6 $6 8. dxc5 $140 h6 (8... d4 $143 9. O-O-O $1 {<->d; קd4}) {White has an
additional opportunity:} 9. Bxf6 $1 Qxf6 10. O-O-O Bxc3 11. Qxc3 Qxc3+ 12. bxc3
Be6 13. Ne2 $14 {/\Nf4 or Nd4}) 8. exd4 Nc6 $1 {Black prevent the convenient
accommodations of white's pieces: Bd3 and Nge2.} (8... O-O $143 9. Bd3 h6 10.
Bh4 Nc6 11. Nge2 Be6 12. O-O Rc8 13. Rad1 Be7 14. Bf5 Bxf5 15. Qxf5 $11 {
Baburin,A-Lalic,S/Isle of Man,1994(1/2-1/2)(47)}) 9. Bb5 h6 {Usually in such
kinds of positions,it's useful to cast away the bishop of the contender.} 10.
Bh4 O-O {It became already clear,that Black have decided all opening problems.}
({Once were tested in previous games:} 10... g5) ({and} 10... a6 $6) 11. Nge2
Qb6 $1 {The same position,with rearrangement of moves,has met in three more
games.} ({On:} 11... Be6 {you can find two games in Mega DataBase 2004.}) 12.
Bxf6 $146 (12. Qd3 {was checked against the patriarch of Soviet chess school:}
Bxc3+ $1 13. bxc3 Ne4 14. O-O Bf5 15. Ba4 Rfe8 16. Rfe1 (16. Qf3 $143 Bg6 17.
Rfe1 Qb2 $15) 16... Qa5 17. Bb3 g5 18. Bg3 Re6 $36 {Kotov,A-Botvinnik,M/Moscow,
1940/URS-ch(1/2-1/2)(36)}) (12. O-O $2 Bxc3 13. Bxc6 (13. Bxf6 $143 Ba5 $1 14.
Bxc6 $140 Qxc6 15. Qxc6 bxc6 $17 {[%csl Ya5,Re2,Rf1][%cal Gc8a6,Ya5e1,Ga6f1]})
13... Bxb2 14. Rab1 Qxc6 15. Qxc6 bxc6 16. Rxb2 $15) ({Leads to small,but
steady advantage of Black:} 12. Bxc6 Qxc6 13. O-O Ne4 14. Rac1 Re8 $36) 12...
Qxb5 13. O-O Qa5 14. Bh4 {White had no other worthy alternative.} Re8 15. Rfd1
(15. a3 $6 Bxc3 16. bxc3 b6 {/\Ba6 /^a6-f1(><c4) =/+}) (15. Rfe1 $5 {/\a3})
15... Be6 16. a3 Bxc3 $5 {The strong positional decision.} ({Does not put the
large problems for White:} 16... Bf8 $6 17. b4 (17. Nf4 $5 $11) 17... Qc7 18.
Na4 Rac8 19. Nc5 $13) 17. Nxc3 Rac8 18. Qd2 ({Can be recommended:} 18. Rac1 $5
Qb6 $140 19. Qd2 {><d4}) 18... Qa6 19. a4 $2 ({It was necessary:} 19. b4 $1 {
(><a5) with the idea to close a knight's route: "c6-a5-b3(c4)".}) 19... Na5 $15
20. Qc2 $2 {Zdenko again make move by his queen.After this mistake White will
have to fight for escape.} (20. Ra2 $5 Nc4 21. Qd3 Qb6 22. Rb1 Qb3 23. Qd1 $15)
20... Qb6 $17 {><b3} 21. Ra3 (21. Rab1 Nb3 {/\Rc4 קd4 -/+}) 21... Rc4 $5 ({
Also there was a beautiful tactical resource:} 21... Nc4 $1 22. Rb3 $140 $4 (
22. Ra2 Bg4 {[%csl Yd1,Rd4][%cal Gg4d1,Yd1d4,Gb6d4]}) {[%tqu "En","Find the
killer move!","","","e6f5","",10]} 22... Bf5 $1 23. Qxf5 (23. Rxb6 $2 Bxc2 24.
Rc1 axb6 $19 25. Rxc2 $140 $2 Re1#) 23... Qxb3 $19) 22. Qd2 Nb3 23. Qe3 Nxd4
24. Nxd5 Qxb2 {Now all white pieces are under cross fire!} 25. Bf6 (25. Rad3 $2
Nf5) (25. Nf4 $2 Nc2) 25... Qe2 $1 {[%csl Rd1,Rd5,Re3,Rf6]} 26. Re1 $2 {
It's very difficult to give good advice,but can nevertheless:} (26. Rxd4 $5
Bxd5 27. Qxe2 Rxe2 28. h3 (28. Ra1 $2 gxf6 29. Rxd5 Rxa4 $1 $19) 28... Rc1+ 29.
Kh2 Rxf2 {><g2} 30. Rxd5 Rxf6 31. Rd7 Rb1 {-/+/-+}) 26... Bxd5 $1 (26... Qxe1+
$2 27. Qxe1 Nc2 28. Qe5 Nxa3 29. h3 $13) 27. Qxe8+ $140 $8 Qxe8 28. Rxe8+ Kh7 {
[%csl Rf6][%cal Gc4c1]} 29. h3 gxf6 $19 {In a result Black has BN+P against R
with absolutely technical won endgame.} 30. Kh2 Nf5 31. a5 a6 32. Rd3 Bc6 {
Michael Adamas by each move improves a position of his pieces.} 33. Rc8 Re4 34.
Rdd8 Ne7 {[%csl Ye7][%cal Ye7g8] The rest is easy without comments.} 35. Ra8
Re5 36. g4 f5 37. Kg3 Rxa5 38. f3 Ra3 39. Kf4 Ng6+ 0-1

[Event "Hoogeveen Essent Crown"]
[Site "Hoogeveen"]
[Date "2004.10.17"]
[Round "1"]
[White "Sokolov, Ivan"]
[Black "Short, Nigel D"]
[Result "1-0"]
[WhiteElo "2663"]
[BlackElo "2687"]
[Annotator "Golod,V"]
[PlyCount "75"]
[EventDate "2004.10.17"]
[EventType "tourn"]
[EventRounds "6"]
[EventCountry "NED"]
[EventCategory "15"]
[SourceTitle "CBM 104"]
[Source "ChessBase"]
[SourceDate "2005.01.27"]
[SourceVersion "1"]
[SourceVersionDate "2005.01.27"]
[SourceQuality "1"]

1. d4 Nf6 2. c4 e6 3. Nc3 Bb4 4. Qc2 d5 5. cxd5 exd5 6. Bg5 c5 7. dxc5 $5 {
It's most basic reaction to the previous move of Black.Besides,you can see my
annotations to three another alternatives:} (7. Nf3 {Zhu Chen-Short,N/Dubai,
2002/CBM 89(0-1)(25)}) (7. a3 $5 {Rare idea! Van Wely,L-Topalov,V/Wijk aan Zee,
2004/CBM 99(1/2-1/2)(26)}) (7. e3 $6 {In such a way,White hardly can hope on
advantage in the opening: Kozul,Z-Adams,M/Mallorca,2004/CBM 104(0-1)(39)}) 7...
h6 8. Bh4 {Same position with rearrangement of moves also it is possible to
receive,after: 6...h6 7.Bh4 c5 8.dxc5} Nc6 {It's main line.} 9. e3 g5 10. Bg3
Ne4 11. a3 $5 {New interesting attempt of improvement a white's play by the
players of the very top level.Also in the past I have made comments for
following games:} (11. Nf3 {Sapunov,E-Sokolov,A/St.Petersburg,1998/CBM 67(1-0)
(27)}) ({and} 11. Bb5 $6 {Popov,V-Loginov,V/St.Petersburg,2003/CBM 95(1-0)(25)}
) 11... Bxc3+ $5 $146 {Is paradoxical,but this logical move is a novelty.Two
games,which have reached this position were continued as follows:} (11... Qa5
12. Nge2 Bf5 $1 (12... Bg4 $143 13. Qc1 Nxc5 $2 (13... Bxc3+ $142 14. Nxc3 $14)
14. axb4 Nd3+ 15. Kd2 $18 {Ruzele,D-Lerner,K/Cappelle la Grande,1996(1-0)(35)})
13. Qc1 Nxc5 14. axb4 Nd3+ 15. Kd2 Qxb4 $13 {Huzman,A-Rogovski,V/Vilnius,1995
(1-0)(40)}) 12. bxc3 Qa5 $5 {From here black's Q can press on the queen side 
(קc3; קc5).} (12... Qe7 $143 13. Bd6 Nxd6 14. cxd6 Qxd6 15. Nf3 {and White
has obvious positional advantage,because of a unsuccessful location of the
black's pawn "g5".}) 13. Bd3 Nxg3 {Basically,the correct direction of actions
- than is less pieces,the less problems.} 14. hxg3 d4 $1 {Black get rid of the
weak Pd5. In my opinion,it's correct strategical decision,because after
logical capture:} (14... Qxc5 15. Nf3 {white's rook begins to work in all
force on <-> "h".}) 15. exd4 Nxd4 16. Qb2 Bd7 $1 {Black correctly do not
hasten to take away Pc5 and for the beginning deduce the pieces.} ({It was
badly:} 16... Ne6 $6 {in view of:} 17. Bb5+ Ke7 18. Qb4 $16 {[%csl Gb4,Re7]
[%cal Gc5c6]}) 17. Kf1 $6 {Can it was necessary to decide on the more reliable
continuation:} (17. Ne2 $5 Nxe2 (17... Nc6 $6 18. Qxb7 Rb8 19. Qa6 Qxc5 20. Rd1
{+/=/+/-}) 18. Qxe2+ (18. Qxb7 $2 Qxc3+ 19. Kxe2 O-O $40 20. Qxd7 $140 $6 Rad8
21. Qf5 Rfe8+ 22. Kf3 $8 Rxd3+ 23. Kg4 Re5 24. Qc8+ Kg7 $17) 18... Kf8 {/\Re8}
(18... Kd8 $143 19. O-O Qxc5 20. Qf3 $36) 19. O-O Qxc5 20. Qb2 $1 $14 {קb7,/
\c4 /^a1-h8}) 17... Ne6 18. Qxb7 $1 {Principal decision.Differently,it is
impossible to hope for advantage.} Qxc3 19. Rd1 (19. Qxa8+ $2 Ke7 20. Qxh8 (20.
Qxa7 $2 Qxa1+ 21. Ke2 Nd4+ 22. Ke3 Re8 {with decisive attack.}) 20... Qxh8 21.
Rc1 Qb2 22. Ne2 Qxa3 {[%csl Rc5,Rd3] and,at least, Black has a equal position.}
) 19... Rd8 $13 20. Ne2 {Ivan Sokolov correctly does not take away Pa7 and
deduce the his knight.} (20. Qxa7 $2 {is refuted by:} O-O $1 (20... Nxc5 $2 21.
Ne2 Qb3 22. Re1 Qxd3 23. Qxc5 Be6 24. Kg1 $14) 21. Be2 (21. Rxh6 $4 Bb5 $19) (
21. Ne2 $2 Qb3 $1) 21... Bc6 $40) 20... Qxa3 21. c6 Bc8 22. Qb1 Ke7 23. g4 {
White are going to connect his R with other pieces through a field "h3" and,at
the same time,he takes control under field "f5".} Rd6 {<->d} 24. Rh3 Rhd8 (
24... Rxc6 $4 25. Bb5 Qc5 26. Rc1 $18) 25. Re3 {The contenders consolidated
the forces and are ready to decisive battle.} Kf8 ({I can not recommended in
this position:} 25... Ba6 26. c7 R8d7 27. Kg1 Rxc7 (27... Bxd3 $4 28. c8=N+ $1
Kf8 29. Nxd6 $18) 28. Bxa6 Rxd1+ 29. Qxd1 Qxa6 30. Nd4 $44) ({or} 25... Rxc6 $6
26. Bb5 Rcd6 27. Nd4 Qc5 $8 28. Nf5+ $140 Qxf5 29. Qxf5 Rxd1+ 30. Re1 R8d5 {
[%csl Rb5,Rf5]} 31. Qc2 $8 Rxe1+ 32. Kxe1 Rxb5 33. Qxc8 a5 $11) 26. Kg1 (26.
Bc2 $5 Rxd1+ 27. Bxd1 Qd6 28. Ba4 $13) 26... Rxc6 ({It deserves more attention:
} 26... Ba6 27. Bc2 Bxe2 28. Rxe2 Nd4 29. Re3 Qa5 30. Bb3 $1 $13) 27. Bb5 Rxd1+
{For Black it's certainly favourable to exchange one pair of rooks.} (27...
Rcd6 $143 28. Rxd6 Qxd6 29. Qh7 Qc5 30. Qxh6+ Ke7 31. Bd3 $36 {[%csl Re7][%cal
Ge2g3,Gg3f5]}) 28. Qxd1 Rd6 $8 (28... Qd6 $2 29. Rd3 Qc7 30. Bxc6 Qxc6 31. Rd6
$16) 29. Qb1 $1 $44 {עf8} Qa5 $8 (29... Qc5 $4 30. Rc3 {[%csl Gc3,Rc5,Rc8]})
30. Ng3 $1 Rb6 $140 {From my point of view,it's discrepancy,which allows to
improve a position of the white's pieces.} (30... Nc7 $5 {><e8} 31. Qb2 $140
Kg8 32. Bc4 $44) 31. Qb2 Kg8 ({Leads to benefit of the contender:} 31... Rxb5
$6 32. Qh8+ Ke7 33. Qxc8 $36) ({and} 31... Qxb5 $6 32. Qh8+ Ke7 33. Qxc8 $36)
32. Qc2 Bb7 (32... Qxb5 $5 33. Qxc8+ Nf8 34. Nf5 Qb1+ 35. Kh2 Qb4 36. Ne7+ Kg7
37. Nf5+ Kg8 $11 (37... Kh7 $6 38. Re7 $36)) 33. Bc4 Qc5 $2 (33... Rc6 $5 34.
Nf5 Qa1+ 35. Kh2 Qf6 36. Qa2 $44) 34. Nf5 $40 Bd5 $2 {It's painful blunder,
which allows to begin strong attack on the black's king.} ({Also leads to
disaster:} 34... Kf8 $2 35. Qc3 Rb1+ (35... Ke8 $143 36. Qf6) 36. Kh2 Qc7+ 37.
f4 $1 {[%csl Rf8]} Qxf4+ 38. Rg3 {[%csl Rf8][%cal Gc3h8]} Nd4 (38... Ke8 $2 39.
Qf6 Qc7 40. Bxe6 fxe6 41. Ng7+ Kd7 42. Qxe6+ Kd8 43. Qe8#) 39. Qa3+ Kg8 40.
Bxf7+ $1 Kh7 (40... Kxf7 41. Qe7+ Kg6 42. Qg7#) 41. Qf8 Nf3+ 42. gxf3 Qd2+ 43.
Rg2 Qf4+ 44. Ng3 $18) ({It's very difficult to give good advice,but can
nevertheless:} 34... Rb4 $5 35. Nxh6+ Kg7 (35... Kf8 $2 36. Qh7 $18) 36. Nf5+
Kg8 (36... Kf8 $2 37. Rh3 Qe5 38. Qd1 $1 $16 Rxc4 $140 $2 39. Qd6+ $1 Qxd6 40.
Rh8#) 37. Rxe6 $1 Qxc4 (37... Rxc4 $2 38. Qb2 Rc1+ 39. Kh2 Qc7+ 40. Rd6 Rc3 41.
Qd2 f6 42. Ng3 $18) 38. Qxc4 Rxc4 39. Re8+ Kh7 40. Re7 Bd5 41. Rxa7 Be6 (41...
Rxg4 $4 42. Ne3 Rd4 $140 43. Rd7 $18) 42. f3 {+/=/+/-}) ({or} 34... Qf8 $5 35.
Qa2 Kh7 36. Bd3 $40) 35. Nxh6+ $1 {Now Nigel Short can not find protection
against numerous threats.} Kf8 ({Also loses a game the following move:} 35...
Kg7 36. Qf5 {[%csl Rd5,Rf7]} Nd4 (36... Kxh6 $4 37. Qf6+ Kh7 38. Rh3+ Kg8 39.
Qh8#) 37. Qxg5+ Rg6 38. Qe5+ f6 (38... Kxh6 $4 39. Rh3#) 39. Qe8 $1 {/\Re7+}
Bxc4 (39... Qxc4 $4 40. Re7+ Kxh6 41. Qh8+ Kg5 42. Qh5+ Kf4 43. g3+ Kf3 44.
Re3#) 40. Qd7+ (40. Re7+ $2 Qxe7 $8 41. Qxe7+ Kxh6 42. Qe3+ Kg7 43. Qxd4 Bf7
44. Qxa7 (44. f3 $5 $16) 44... Rxg4 45. f3 $16) 40... Kh8 (40... Kxh6 $2 41.
Rh3+ Kg5 42. Rh5+) 41. Re8+ Bg8 (41... Rg8 42. Re7 $1 Bd3 (42... Ne2+ 43. Kh2
$18) 43. Nf7+ Kh7 44. Ne5+ Kh6 45. Nxd3 $18) 42. Rxg8+ $1 Rxg8 $140 43. Nf7+
Kg7 44. Ng5+ Kg6 45. Qh7+ Kxg5 46. Qh5+ Kf4 47. Qxc5 $18) 36. Qh7 $18 Rb1+ (
36... Rb7 37. Bxd5 Qxd5 38. Qg8+ Ke7 39. Nf5+ Kd7 (39... Kf6 $2 40. Qh8+ Kg6
41. Qh6#) 40. Qxf7+) 37. Qxb1 Qxc4 (37... Bxc4 $143 38. Qh7 $18) 38. Qb8+ (38.
Qb8+ Ke7 (38... Kg7 $143 39. Qg8+ Kf6 (39... Kxh6 40. Rh3#) 40. Qxf7#) 39. Nf5+
Kd7 40. Qd6+ Kc8 $8 (40... Ke8 41. Ng7#) 41. Ne7+) 1-0